00297cam a2200109ua 4500082001600000100002800016245005600044260004900100300001200149942000700161999001900168 a821bTEN/AL aTennyson, Alfred.91839 aAlfred Tennyson`s Poetical Works Including Plays /  aLondon : bOxford University Press , c1963. a563 ; . cBK c333411d333411